000 00340 a2200109 4500
001 ART_13548
005 20260410161910.0
008 260409a
245 1 0 _aTecnología para el sector informal urbano
100 1 _aTokman, Víctor E.
773 0 _tDemografía y economía
_g- Vol. XII, Nº 35 (mayo/ago. 1978)
_wREV13200
999 _c26732
_d26732